All Things Jamaica - Statistics

General Stats
  • This quiz has been taken 26 times
  • The average score is 7 of 15
Answer Stats
Hint Answer % Correct
Capital? Kingston
100%
Currency? Dollar
91%
Language Spoken? English
77%
National Dish? Ackee and Salt Fish
64%
National Sport? Cricket
64%
When Was It A Country? 1962
55%
What Region Is It In? Caribbean
50%
Leader? Andrew Holness
45%
Who Founded It? Christopher Columbus
36%
Who Colonized It? British
32%
When Was It Founded? 1494
14%
National Animal? Red-Billed Streamertail
14%
Biggest River? Minho
5%
Biggest Lake/Pond? Wallywash Pond
5%
Top Export? Chemicals
0%
No matching quizzes found
Score Distribution
Percent of People with Each Score
Percentile by Number Answered
Your Score History
You have not taken this quiz